Statistics for NFL Players you didn't know played for the Panthers

Click here to take the quiz!

General Stats

  • This quiz has been taken 13 times
  • The average score is 3 of 8

Answer Stats

Pos.Known ForPlayer% Correct
DEPHI and GBPReggie White
73%
CBNEPStephon Gilmore
73%
DEMINJared Allen
64%
RBDENC.J. Anderson
45%
CBCHICharles Tillman
18%
DTTBBGerald McCoy
18%
WRNYJKeyshawn Johnson
18%
WRNEPChris Hogan
9%

Score Distribution

Percentile by Number Answered

Percent of People with Each Score

Your Score History

You have not taken this quiz